000 00476nam a2200193Ia 4500
005 20140428131912.0
008 140130s9999 xx 000 0 und d
020 _a0439829119
050 _aPZ 7
_b.M35145De 2006
100 _aMarsden, John
_929391
245 _cJohn Marsden.
_aThe dead of night /
260 _bScholastic,
_c2006.
_aUSA :
300 _a264 p. :
_c22 cm.
440 _v1
_931174
521 _aG5
526 _c770
942 _cBK
_2lcc
999 _c41111
_d41111